00825cam a22002177a 4500020001500000040001200015082002600027100002300053245003800076260004400114300003500158500002000193650001400213700002300227856006000250856005900310856006700369942000700436999001700443952014700460 a0764537296 cStDuBDS04a005 WIL 2003 A002 Or.1 aBardzell, Shaowen.10aMastering Macromedia Contribute / aIndianapolis, IN :bWiley Pub.,cc2003. axiii, 307 p. :bill. ;c24 cm. aIncludes index. 0aWeb sites1 aBardzell, Jeffrey.42uhttp://www.loc.gov/catdir/bios/wiley046/2002114845.html41uhttp://www.loc.gov/catdir/toc/wiley041/2002114845.html42uhttp://www.loc.gov/catdir/description/wiley039/2002114845.html cEK c17153d17153 0010406005_000000000000000_WIL_2003_A002_OR70974022aLBAbLBAcA002d2018-08-08o005 WIL 2003 A002 Or.pA18294r2018-08-08w2018-08-08yEK